Match the random country with their capital (World) - Statistics

General Stats
  • This quiz has been taken 118 times
  • The average score is 15 of 20
Answer Stats
Hint Answer % Correct
Algeria Algiers
100%
Netherlands Amsterdam
100%
Madagascar Antananarivo
100%
Greece Athens
100%
Thailand Bangkok
100%
Northern Ireland Belfast
100%
Germany Berlin
100%
Switzerland Bern
100%
Kyrgyzstan Bishkek
100%
Colombia Bogota
100%
Brazil Brasilia
100%
Congo, Republic of the Brazzaville
100%
Belgium Brussels
100%
Romania Bucharest
100%
Hungary Budapest
100%
Argentina Buenos Aires
100%
Venezuela Caracas
100%
Wales Cardiff
100%
Denmark Copenhagen
100%
Bangladesh Dhaka
100%
Guatemala Guatemala City
100%
Finland Helsinki
100%
Indonesia Jakarta
100%
Israel Jerusalem
100%
Afghanistan Kabul
100%
Jamaica Kingston
100%
Congo, Democratic Republic of the Kinshasa
100%
Ukraine Kyiv
100%
Bolivia La Paz, Sucre
100%
Portugal Lisbon
100%
Slovenia Ljubljana
100%
England London
100%
United Kingdom London
100%
Luxembourg Luxembourg
100%
Spain Madrid
100%
Maldives Male
100%
Philippines Manila
100%
Belarus Minsk
100%
Monaco Monaco
100%
India New Delhi
100%
Panama Panama City
100%
Haiti Port au Prince
100%
South Africa Pretoria, Bloemfontein, Cape Town
100%
Kosovo Pristina
100%
Iceland Reykjavik
100%
Latvia Riga
100%
Saudi Arabia Riyadh
100%
Italy Rome
100%
San Marino San Marino
100%
Chile Santiago
100%
Bosnia and Herzegovina Sarajevo
100%
South Korea Seoul
100%
Bulgaria Sofia
100%
Sweden Stockholm
100%
Estonia Tallinn
100%
Japan Tokyo
100%
Austria Vienna
100%
New Zealand Wellington
100%
Croatia Zagreb
100%
Ecuador Quito
92%
Ireland Dublin
90%
France Paris
90%
East Timor Dili
89%
Scotland Edinburgh
89%
Nepal Kathmandu
89%
Ghana Accra
88%
Uruguay Montevideo
88%
Canada Ottawa
88%
Taiwan Taipei
88%
Ethiopia Addis Ababa
86%
Qatar Doha
86%
Norway Oslo
86%
Singapore Singapore
86%
Kazakhstan Astana
83%
Iraq Baghdad
83%
China Beijing
83%
Slovakia Bratislava
83%
Djibouti Djibouti
83%
Kuwait Kuwait City
83%
Somalia Mogadishu
83%
Oman Muscat
83%
Cambodia Phnom Penh
83%
Morocco Rabat
83%
Mongolia Ulaanbaatar
83%
Vatican City Vatican City
83%
Lithuania Vilnius
83%
Syria Damascus
82%
Cyprus Nicosia
82%
Australia Canberra
80%
Tanzania Dodoma
80%
Tuvalu Funafuti
80%
Cuba Havana
80%
Pakistan Islamabad
80%
Peru Lima
80%
Russia Moscow
80%
North Macedonia Skopje
80%
United States Washington D.C.
80%
United Arab Emirates Abu Dhabi
78%
Andorra Andorra la Vella
78%
Bahamas Nassau
78%
Iran Tehran
78%
Namibia Windhoek
78%
Nigeria Abuja
75%
Paraguay Asuncion
75%
Egypt Cairo
75%
Vietnam Hanoi
75%
Mozambique Maputo
75%
Sri Lanka Sri Jayawardenapura Kotte
75%
Libya Tripoli
75%
Tunisia Tunis
75%
Liechtenstein Vaduz
75%
Malta Valletta
75%
Poland Warsaw
75%
El Salvador San Salvador
73%
Sao Tome and Principe Sao Tome
73%
Turkey Ankara
71%
Tajikistan Dushanbe
71%
Zimbabwe Harare
71%
South Sudan Juba
71%
Togo Lome
71%
Mexico Mexico City
71%
Yemen Sana'a
71%
Malaysia Kuala Lumpur
70%
Azerbaijan Baku
67%
Belize Belmopan
67%
Guinea-Bissau Bissau
67%
Barbados Bridgetown
67%
Moldova Chisinau
67%
Senegal Dakar
67%
Botswana Gaborone
67%
Nicaragua Managua
67%
Kenya Nairobi
67%
Burkina Faso Ouagadougou
67%
Suriname Paramaribo
67%
Montenegro Podgorica
67%
Czech Republic Prague
67%
Cape Verde Praia
67%
North Korea Pyongyang
67%
Uzbekistan Tashkent
67%
Lebanon Beirut
63%
Solomon Islands Honiara
63%
Angola Luanda
63%
Trinidad and Tobago Port of Spain
63%
Guyana Georgetown
62%
Brunei Bandar Seri Begawan
60%
Liberia Monrovia
60%
Myanmar Nay Pyi Taw
60%
Mauritius Port Louis
60%
Bhutan Thimphu
58%
Federated States of Micronesia Palikir
57%
Fiji Suva
57%
Sierra Leone Freetown
56%
Niger Niamey
56%
Jordan Amman
50%
Samoa Apia
50%
Saint Lucia Castries
50%
Guinea Conakry
50%
Rwanda Kigali
50%
Malawi Lilongwe
50%
Lesotho Maseru
50%
Comoros Moroni
50%
Benin Porto Novo
50%
Vanuatu Port Vila
50%
Grenada Saint George's
50%
Georgia Tbilisi
50%
Cameroon Yaounde
50%
Armenia Yerevan
50%
Sudan Khartoum
45%
Central African Republic Bangui
44%
Mali Bamako
43%
Dominica Roseau
43%
Eritrea Asmara
40%
Gambia Banjul
40%
Burundi Gitega
40%
Bahrain Manama
40%
Palau Melekeok
40%
Chad N'Djamena
40%
Papua New Guinea Port Moresby
40%
Antigua and Barbuda Saint John's
40%
Honduras Tegucigalpa
40%
Laos Vientiane
40%
Saint Kitts and Nevis Basseterre
38%
Uganda Kampala
33%
Eswatini Mbabana
33%
Dominican Republic Santo Domingo
33%
Ivory Coast Yamoussoukro
33%
Turkmenistan Ashgabat
29%
Equatorial Guinea Malabo
29%
Nauru Yaren
29%
Serbia Belgrade
25%
Zambia Lusaka
25%
Tonga Nuku'alofa
25%
Gabon Libreville
22%
Kiribati Tarawa Atoll
22%
Saint Vincent and the Grenadines Kingstown
20%
Mauritania Nouakchott
20%
Marshall Islands Majuro
0%
Costa Rica San Jose
0%
Albania Tirana
0%
Seychelles Victoria
0%
No matching quizzes found
Score Distribution
Percent of People with Each Score
Percentile by Number Answered
Your Score History
You have not taken this quiz